Como evitar as doenças infecciosas (Record no. 45415)
[ view plain ]
| 000 -Etiqueta do registo | |
|---|---|
| Valores | 00619cam a22001931 04500 |
| 100 ## - Dados gerais de processamento | |
| Dados gerais | 19970101d1946 m y0pory5003 ba |
| 101 0# - Língua de publicação | |
| Língua | por |
| 102 ## - País de publicação | |
| País | PT |
| 200 1# - Titulo e menção de responsabilidade | |
| Título próprio | Como evitar as doenças infecciosas |
| Primeira menção de responsabilidade | por J. Fraga de Azevedo e Fernando de Castro Amaro |
| 210 #9 - Publicação | |
| Local de publicação | Lisboa |
| Nome do editor | Edições Cosmos, |
| Data de publicação | imp. 1946 |
| 215 ## - Descrição física | |
| Paginação / Volumes | 166, [2] p. |
| Dimensões | 20 cm |
| 225 2# - Colecção | |
| Título próprio da colecção | Biblioteca cosmos |
| Indicação de volume | 110 |
| Número de parte ou secção | 1.ª Seccão. |
| Nome de parte ou secção | Ciéncias e Técnicas |
| Indicação de volume | 52 |
| 675 ## - CDU | |
| Notação | 616.9-084(035) |
| Edição | BN |
| Língua | po |
| 700 #1 - Autor principal | |
| Apelido | Azevedo, |
| Nome | J. Fraga de, |
| Datas | 1906-1977 |
| 701 #1 - Autor co-responsavel | |
| Apelido | Amaro, |
| Nome | Fernando de Castro |
| Função | 070 |
| 801 #0 - Fonte de origem | |
| País | PT |
| Agência | BN |
| Regras de catalogação | RPC |
| 990 ## - Elementos KOHA | |
| Tipo de documento | Livro |
| Aquisição | Empréstimo | Código de barras | Cota | Permissão de empréstimo | Tipo de documento | Nota relativa ao exemplar |
|---|---|---|---|---|---|---|
| Biblioteca Municipal de Redondo | Biblioteca Municipal de Redondo | 056143 | 616.9 AZE | Consulta presencial | Livro | oferta de Vergílio Ambrósio. 1.º v. |
| Biblioteca Municipal de Redondo | Biblioteca Municipal de Redondo | 056144 | 616.9 AZE | Consulta presencial | Livro | oferta de Vergílio Ambrósio. 2.º v. |